| 000 | 01014nac a22002411u 4500 | ||
|---|---|---|---|
| 008 | 120401t xxu||||| |||| 00| 0 eng d | ||
| 010 | _a 2005272379 | ||
| 020 | _a8120327942 | ||
| 020 | _a9788120327948 | ||
| 035 | _a(OCoLC)ocm56639573 | ||
| 082 | 0 | 4 |
_a006.3 _bDAT |
| 100 |
_a20080729 _929519 |
||
| 245 | 0 | 0 |
_aData Mining : _bNext Generation Challenges and Future Directions / _cEdited by Hillol Kargupta ... [et al.]. |
| 260 |
_aMenlo Park, Calif. : _bAAAI ; _aCambridge, Mass. : _bMIT Press, _c2004 |
||
| 300 |
_axviii, 558 p. : _bill. ; _c23 cm. |
||
| 500 | _adistributer: Al-Ahram | ||
| 504 | _aIncludes bibliographical references (p. [482]-551) and index. | ||
| 511 | _acatalogued by: wessam | ||
| 650 | 0 |
_aData mining. _929520 |
|
| 700 | 1 |
_aKargupta, Hillol, _d1967- _929521 |
|
| 942 |
_cBB _k006.3 DAT _2ddc |
||
| 999 |
_c5264 _d5264 |
||